The Rolling Stones Albums 1964-1980 - Statistics

General Stats
  • This quiz has been taken 656 times
  • The average score is 10 of 15
Answer Stats
Year Answer % Correct
1971 Sticky Fingers
89%
1969 Let it Bleed
85%
1972 Exile on Main St
84%
1968 Beggars Banquet
79%
1978 Some Girls
77%
1964 The Rolling Stones
77%
1973 Goats Head Soup
72%
1966 Aftermath
68%
1976 Black and Blue
63%
1967 Between the Buttons
58%
1965 The Rolling Stones No. 2
56%
1980 Emotional Rescue
50%
1974 It's Only Rock N Roll
50%
1967 Their Satanic Majesties Request
50%
1965 Out Of Our Heads
47%
No matching quizzes found
Score Distribution
Percent of People with Each Score
Percentile by Number Answered
Your Score History
You have not taken this quiz